| 000 | 00352nam a2200145Ia 4500 | ||
|---|---|---|---|
| 008 | 230917s9999||||xx |||||||||||||| ||und|| | ||
| 040 |
_e6990 _aMAIN |
||
| 041 | _aEnglish | ||
| 082 | _a301.044 S49P | ||
| 100 | _aSamuels, Warren J | ||
| 245 | 0 | _aPareto an policy | |
| 260 |
_aAmesterdam _bElsivier Scientific _c1974 |
||
| 300 | _av. p. | ||
| 942 | _cBK | ||
| 999 |
_c216886 _d216886 |
||